000 00855cam a2200277 a 4500
001 3122
005 20240207140559.0
020 _a9780545303033
040 _aDLC
_cDLC
_dDLC
_beng
050 0 0 _aPZ7.R337645
_b 2003
082 0 0 _a823.914
100 1 _aReynolds, Peter H
_d1961-
245 1 4 _aThe dot /
_c Reynolds, Peter H
260 _aNew York :
_bScholastic ,
_c2003
300 _a28 unnumbered pages :
_bcolor illustrations ;
_c20 cm.
490 _aCreatrilogy
505 _aJ
520 _aVashti believes that she cannot draw, but her art teacher's encouragement leads her to change her mind.
521 _a500
_bLexile
521 _aJ
_bRaz-Plus
650 1 _aSelf-confidence
_vFiction.
650 1 _aArt
_vFiction.
650 1 _aSchools
_vFiction.
906 _a7
_bcbc
_corignew
_d1
_eocip
_f20
_gy-gencatlg
942 _2ddc
_cBK
_n0
999 _c3122
_d3122